Terpsión z Megary - sókratovský filozof alebo dramatis persona zo sókratovských dialógov?
Analýza antických textov, v ktorých vystupuje postava Terpsióna z Megary.
Enregistré dans:
| Auteur principal: | |
|---|---|
| Format: | Chapitre de livre |
| Langue: | slovaque |
| Sujets: | |
| Tags: |
Pas de tags, Soyez le premier à ajouter un tag!
|
MARC
| LEADER | 00000naa a2200000 4500 | ||
|---|---|---|---|
| 001 | 0308034 | ||
| 005 | 20250408102840.7 | ||
| 041 | 0 | |a slo | |
| 044 | |a SK | ||
| 245 | 1 | 0 | |a Terpsión z Megary - sókratovský filozof alebo dramatis persona zo sókratovských dialógov? |c František Škvrnda ml. |
| 520 | |a Analýza antických textov, v ktorých vystupuje postava Terpsióna z Megary. | ||
| 610 | 2 | 0 | |a filozofia |
| 610 | 2 | 0 | |a história |
| 610 | 2 | 0 | |a literatúra |
| 100 | 1 | |a Škvrnda, František, ml., 1987- | |